000 00239nam a22001217a 4500
082 _a001
_bMAN/D
100 _aMANORAMA
245 _aA DIRECTORY OF HIGHER EDUCATION
300 _a303
520 _adIRECTORY
650 _aG.K
942 _cBK
999 _c6760
_d6760